000 00629nam a2200193 a 4500
001 000012061
005 20240412074229.0
008 091104s1969 dr a 000 0 spa d
040 _aDO-SdBNP
_bspa
_cBNPHU
082 _aRD861.44
_bB253e
100 1 _aBarinas Coiscou, Sócrates,
_d1916-2021
_924379
245 1 3 _aLa epopeya del hambre /
_cSocrates Barinas Coiscou.
260 _aSanto Domingo :
_bArtes Gráficas Poly,
_c1969.
300 _a76 p. :
_bil. ;
_c23 cm.
590 _aInventariado, 2018/LP
650 0 _aPoesía dominicana
_966
650 0 _aLiteratura dominicana.
_967
910 _aValidado. Control de calidad BNPHU
999 _c11728
_d11728